أنا و طفلي و الطبيب / (Record no. 16024)
[ view plain ]
| 000 -الفاتح | |
|---|---|
| حقل البيانات ثابتة الطول | 00982nam a22002297a 4500 |
| 008 - عناصر البيانات ثابتة الطول - معلومات عامة | |
| حقل البيانات ثابتة الطول | 110914s1997 ua|||||r|||| 00| 0 ara d |
| 020 ## - الرقم الدولى المعيارى للكتب | |
| الرقم الدولى المعيارى للكتاب | 9771938061 |
| 082 ## - رقم تصنيف ديوى العشرى | |
| رقم الطبعة | 22 |
| رقم التصنيف | 649.1 |
| رقم المادة | ش ك ر |
| 100 ## - المدخل الرئيسى - إسم شخصى | |
| 9 (RLIN) | 27172 |
| الإسم الشخصى | شكري ، ابراهيم |
| 245 ## - بيان العنوان | |
| العنوان | أنا و طفلي و الطبيب / |
| بيان المسئوليه,etc | ابراهيم شكري |
| 260 ## - PUBLICATION, DISTRIBUTION, ETC. (IMPRINT) | |
| مكان الناشر او الموزع | القاهرة : |
| اسم الناشر او الموزع | مطابع دار نوبار، [1997?] |
| تاريخ النشر أو التوزيع | [1979?] |
| 300 ## - الوصف المادى | |
| التعداد | 341 ص : |
| تفاصيل ماديه اخرى للوعاء | أيض، صور ؛ |
| أبعاد الوعاء | 24 سم |
| 650 ## - المدخل الاضافى بالموضوع-مصطلح موضوعى | |
| 9 (RLIN) | 14986 |
| مصطلح موضوعي أو اسم جغرافي كعنصر مدخل | الأطفال |
| التقسيم الفرعي العام | رعاية |
| 650 ## - المدخل الاضافى بالموضوع-مصطلح موضوعى | |
| 9 (RLIN) | 27173 |
| مصطلح موضوعي أو اسم جغرافي كعنصر مدخل | الأطفال الرضع |
| 650 ## - المدخل الاضافى بالموضوع-مصطلح موضوعى | |
| 9 (RLIN) | 27174 |
| مصطلح موضوعي أو اسم جغرافي كعنصر مدخل | الأطفال |
| التقسيم الفرعي العام | تغذية |
| 650 ## - المدخل الاضافى بالموضوع-مصطلح موضوعى | |
| 9 (RLIN) | 27175 |
| مصطلح موضوعي أو اسم جغرافي كعنصر مدخل | الأطفال |
| التقسيم الفرعي العام | ملابس |
| 650 ## - المدخل الاضافى بالموضوع-مصطلح موضوعى | |
| 9 (RLIN) | 15475 |
| مصطلح موضوعي أو اسم جغرافي كعنصر مدخل | الأطفال |
| التقسيم الفرعي العام | نمو |
| 650 ## - المدخل الاضافى بالموضوع-مصطلح موضوعى | |
| 9 (RLIN) | 8355 |
| مصطلح موضوعي أو اسم جغرافي كعنصر مدخل | الأطفال |
| التقسيم الفرعي العام | -- تربية |
| 653 ## - مصطلح تكشيفى غير مقيد | |
| Resource For college | |
| 942 ## - عناصر المدخل الإضافي( كوها) | |
| مصدر التصنيف او مخطط الترفيف | Dewey Decimal Classification |
| Koha [default] item type | Book - Borrowing |
| حالة التراجع | حالة الفقد | مصدر التصنيف او خطة الترفيف | حالة تلف | ليس للاعارة | مجموعات كوها | المكان الدائم | المكان الحالي | موقع الترفيف | تاريخ الاكتساب | Source of acquisition | رقم الاستدعاء | الباركود | Date last seen | مُعار | نوع الوعاء |
|---|---|---|---|---|---|---|---|---|---|---|---|---|---|---|---|
| Dewey Decimal Classification | Alef-Baa | Central Library | Central Library | First floor | 14/09/2011 | 649.1 ش ك ر | 000024728 | 15/07/2025 | 18/12/2017 | Book - Borrowing |